[Event "Saint-Affrique"]
[Site "Saint-Affrique"]
[Date "2010.07.27"]
[Round "5"]
[White "GRIGNON, Maxime"]
[Black "MANIA, Clement"]
[Result "1/2-1/2"]
[WhiteElo "1920"]
[BlackElo "2127"]
[PlyCount "68"]
[EventDate "2010.??.??"]

{1300MB, Rybka3Gen.ctg} 1. d4 f5 2. Nc3 d5 3. Bf4 a6 4. e3 Nf6 5. Nf3 e6 6. Bd3
c5 7. dxc5 Bxc5 8. O-O Nc6 9. Ne2 O-O 10. c4 Nb4 11. a3 Nxd3 12. Qxd3 Bd7 13.
Rac1 Rc8 14. Ned4 Qe7 15. Rfd1 Rfd8 16. Qb3 Bc6 17. Nxc6 Rxc6 18. Ne5 Rb6 19.
Qc2 dxc4 20. Rxd8+ Qxd8 21. Qxc4 Rd6 22. h3 Ne4 23. f3 b5 24. Qa2 Qh4 25. Nd3
Qxf4 26. Nxf4 Bxe3+ 27. Kf1 Bxc1 28. fxe4 Bxf4 29. exf5 Kf7 30. fxe6+ Rxe6 31.
Qd5 Bg3 32. Qd7+ Kf6 33. Qd8+ Kf7 34. Qd7+ Kf6 1/2-1/2

[Event "18e open International de Saint Affrique"]
[Site "Saint Affrique"]
[Date "2010.07.26"]
[Round "5.2"]
[White "Lejarre, Ludovic"]
[Black "Le Roux, Jean-Pierre"]
[Result "1/2-1/2"]
[WhiteElo "2385"]
[BlackElo "2495"]
[PlyCount "25"]
[EventDate "2010.??.??"]

1. e4 c6 2. c4 e5 3. d4 d6 4. Nc3 Nd7 5. Nf3 Ngf6 6. Be2 Be7 7. O-O O-O 8. Qc2
a6 9. Rd1 Qc7 10. h3 Re8 11. Bg5 b6 12. Rac1 Bb7 13. d5 1/2-1/2

[Event "18e open International de Saint Affrique"]
[Site "Saint Affrique"]
[Date "2010.07.27"]
[Round "5.3"]
[White "Libiszewski, Fabien"]
[Black "Bedouin, Xavier"]
[Result "1/2-1/2"]
[WhiteElo "2488"]
[BlackElo "2403"]
[PlyCount "65"]
[EventDate "2010.??.??"]

1. e4 e5 2. Nf3 Nf6 3. Nxe5 d6 4. Nf3 Nxe4 5. d4 d5 6. Bd3 Bd6 7. O-O O-O 8. c4
c6 9. cxd5 cxd5 10. Nc3 Nxc3 11. bxc3 Bg4 12. Rb1 Nd7 13. h3 Bh5 14. Rxb7 Nb6
15. Qc2 Bxf3 16. Bxh7+ Kh8 17. gxf3 Qh4 18. Bf5 g6 19. Bg4 f5 20. f4 Rae8 21.
Bf3 g5 22. Bg2 gxf4 23. Qd3 Rg8 24. Qf3 Rg5 25. Kh1 Reg8 26. Rg1 Nc4 27. Rxa7 {
#} 27... Ne3 28. Bxe3 fxe3 29. Qxe3 Qh5 30. Qd3 Qh6 31. Qe3 Qh5 32. Qd3 Qh6 33.
Qe3 1/2-1/2

[Event "18e open International de Saint Affrique"]
[Site "Saint Affrique"]
[Date "2010.07.27"]
[Round "5.4"]
[White "Gozzoli, Yannick"]
[Black "Karpatchev, Aleksandr"]
[Result "1/2-1/2"]
[WhiteElo "2520"]
[BlackElo "2476"]
[PlyCount "41"]
[EventDate "2010.??.??"]

1. d4 d5 2. c4 dxc4 3. Nf3 Nf6 4. e3 e6 5. Bxc4 a6 6. O-O b5 7. Bd3 Bb7 8. a4
b4 9. Qe2 c5 10. dxc5 Qc7 11. Nbd2 Nbd7 12. b3 Nxc5 13. Bb2 Nxd3 14. Qxd3 Rd8
15. Qc4 Qxc4 16. Nxc4 Be7 17. Rfe1 O-O 18. Na5 Bxf3 19. gxf3 Rd2 20. Nc6 Nd5
21. Nxe7+ 1/2-1/2

[Event "18e open International de Saint Affrique"]
[Site "Saint Affrique"]
[Date "2010.07.27"]
[Round "5.5"]
[White "Boudre, Jean-Pierre"]
[Black "Flear, Glenn C"]
[Result "0-1"]
[WhiteElo "2332"]
[BlackElo "2510"]
[PlyCount "33"]
[EventDate "2010.??.??"]

1. a3 g6 2. g3 Bg7 3. Bg2 d5 4. c4 d4 5. d3 e5 6. e4 a5 7. b3 Nd7 8. Ra2 Nc5 9.
Nh3 h5 10. f3 h4 11. Re2 Bd7 12. Qc2 Qf6 13. Rf2 Qb6 14. Nd2 Bh6 15. f4 Nf6 16.
Nf3 Ng4 17. Re2 0-1

[Event "18e open International de Saint Affrique"]
[Site "Saint Affrique"]
[Date "2010.07.27"]
[Round "5.6"]
[White "Petkov, Vladimir"]
[Black "Mladenov, Plamen"]
[Result "1-0"]
[WhiteElo "2496"]
[BlackElo "2363"]
[PlyCount "111"]
[EventDate "2010.??.??"]

1. Nf3 Nf6 2. c4 g6 3. Nc3 d5 4. Qa4+ Nc6 5. Ne5 d4 6. Nxc6 bxc6 7. Nd5 Qd6 8.
Nxf6+ Qxf6 9. d3 Bd7 10. Qa5 Qd6 11. g3 e5 12. Bd2 c5 13. Bg2 Bc6 14. O-O Bxg2
15. Kxg2 Qc6+ 16. f3 Bd6 17. a3 O-O 18. b4 e4 19. dxe4 cxb4 20. c5 Qxc5 21.
Qxc5 Bxc5 22. Rfc1 Bb6 23. axb4 Rfe8 24. Kf1 Kf8 25. Ra3 Re6 26. g4 f5 27. exf5
gxf5 28. h3 fxg4 29. hxg4 Rae8 30. Rc2 Ke7 31. Rd3 Kd7 32. e4 Rc6 33. Ra2 Rc4
34. Ke2 Kc6 35. Rda3 Kb5 36. Kd3 Rc6 37. Ra1 Rf8 38. Rf1 Rcf6 39. Ke2 Rd6 40.
g5 Kc4 41. Rc1+ Kb5 42. f4 h6 43. Rg3 Rg8 44. Kd3 hxg5 45. e5 Rh6 46. f5 c5 47.
bxc5 Bxc5 48. f6 Bd6 49. f7 Rf8 50. exd6 Rxf7 51. Rxg5+ Kb6 52. Ba5+ Kb7 53.
Rc7+ Rxc7 54. dxc7 Rh8 55. Rb5+ Ka8 56. Rd5 1-0

[Event "18e open International de Saint Affrique"]
[Site "Saint Affrique"]
[Date "2010.07.27"]
[Round "5.7"]
[White "Milliet, Sophie"]
[Black "Bissieres, Matthieu"]
[Result "1-0"]
[WhiteElo "2367"]
[BlackElo "2344"]
[PlyCount "91"]
[EventDate "2010.??.??"]

1. e4 Nf6 2. e5 Nd5 3. d4 d6 4. Nf3 g6 5. Bc4 c6 6. O-O Bg7 7. Re1 O-O 8. c3
Bg4 9. h3 Bxf3 10. Qxf3 dxe5 11. dxe5 e6 12. Nd2 Nd7 13. Qg3 Qc7 14. Nf3 Ne7
15. Bd3 Rad8 16. Bc2 Nc5 17. Nd4 Nf5 18. Nxf5 exf5 19. f4 Rfe8 20. Qf2 Bf8 21.
Be3 Ne6 22. a4 c5 23. a5 Rb8 24. Ba4 Red8 25. Bb5 b6 26. b3 Qb7 27. axb6 axb6
28. Red1 Qe4 29. Re1 Nc7 30. Bf1 Ne6 31. Ra4 Qc6 32. Rea1 Ra8 33. Rxa8 Rxa8 34.
Rd1 Rd8 35. Rxd8 Nxd8 36. Qd2 Ne6 37. Bc4 b5 38. Bd5 Qd7 39. c4 bxc4 40. bxc4
Qa4 41. Kh2 Qb3 42. g3 Qb1 43. Kg2 Qa1 44. Bf2 Nd4 45. Qe1 {#} 45... Ne6 $4 46.
Qxa1 1-0

[Event "18e open International de Saint Affrique"]
[Site "Saint Affrique"]
[Date "2010.07.27"]
[Round "5.8"]
[White "Laplanche, Denis"]
[Black "Kukov, Velislav"]
[Result "1/2-1/2"]
[WhiteElo "2123"]
[BlackElo "2381"]
[PlyCount "112"]
[EventDate "2010.??.??"]

1. d4 Nf6 2. c4 Nc6 3. Nf3 e6 4. Nc3 Bb4 5. Qc2 O-O 6. Bg5 d6 7. e3 Re8 8. Rd1
Bxc3+ 9. bxc3 Qe7 10. Be2 e5 11. O-O h6 12. Bh4 e4 13. Nd2 g5 14. Bg3 b6 15.
Rfe1 Bg4 16. f3 Bf5 17. fxe4 Nxe4 18. Nxe4 Bxe4 19. Bd3 Na5 20. Bxe4 Qxe4 21.
Qe2 Re7 22. Rb1 Rae8 23. Bf2 c5 24. Rbd1 Qe6 25. dxc5 dxc5 26. Rd5 Qe4 27. Qh5
Kg7 28. Rd6 Re6 29. Rxe6 Rxe6 30. h4 g4 31. Bg3 Nxc4 32. Bf4 Rg6 33. Rf1 g3 34.
Bxh6+ Kg8 35. Rd1 Rd6 36. Rxd6 Nxd6 37. Qg5+ Qg6 38. Qxg6+ fxg6 39. Kf1 Ne4 40.
c4 Kf7 41. Ke2 Ke6 42. Bg7 Kf5 43. Kf3 a6 44. a4 Nd2+ 45. Kxg3 Nxc4 46. Kf3
Nd2+ 47. Ke2 Ne4 48. Kf3 Nd6 49. g4+ Ke6 50. h5 g5 51. Bf8 Ne8 52. a5 bxa5 53.
Bxc5 a4 54. Ba3 Nf6 55. e4 a5 56. Bb2 Nd7 1/2-1/2

[Event "18e open International de Saint Affrique"]
[Site "Saint Affrique"]
[Date "2010.07.27"]
[Round "5.9"]
[White "Milchev, Nikolay"]
[Black "Julian, Stephane"]
[Result "0-1"]
[WhiteElo "2360"]
[BlackElo "2133"]
[PlyCount "148"]
[EventDate "2010.??.??"]

1. Nf3 Nf6 2. c4 g6 3. Nc3 Bg7 4. e4 d6 5. d4 O-O 6. h3 e5 7. d5 a5 8. Be3 Na6
9. g4 Nc5 10. Nd2 c6 11. Be2 cxd5 12. cxd5 Ne8 13. Rg1 Bd7 14. Nc4 Rc8 15. a4
Kh8 16. Ra3 Qh4 17. Nb6 Rd8 18. Nxd7 Rxd7 19. Bb5 Rd8 20. Qf3 Qe7 21. h4 f5 22.
gxf5 gxf5 23. Bg5 Bf6 24. Qxf5 Bxg5 25. Qxg5 Nf6 26. Qe3 Rg8 27. Rxg8+ Rxg8 28.
Be2 Ng4 29. Qh3 Nf6 30. Bf3 Qg7 31. Ke2 Qh6 32. Nd1 Nfxe4 33. Bxe4 Nxe4 34. Re3
Nf6 35. Nc3 Nh5 36. Qf5 Nf4+ 37. Kd1 Qxh4 38. Rg3 Ng6 39. Ne4 Rf8 40. Qg4 Qh1+
41. Rg1 Qh2 42. Rg3 Rf4 43. Qc8+ Rf8 44. Qg4 Rf4 45. Qc8+ Rf8 46. Qh3 Qxh3 47.
Rxh3 Nf4 48. Rb3 Nxd5 49. Ke1 Rf4 50. Nxd6 Rxa4 51. Rxb7 Kg8 52. f3 Rb4 53.
Rxb4 Nxb4 54. Nc4 Nc6 55. Ke2 Kf7 56. Ke3 Ke6 57. Ke4 h5 58. f4 exf4 59. Kxf4
Kf6 60. Nd2 Nb4 61. b3 Nd3+ 62. Kg3 Nc5 63. Kh4 Kg6 64. Kg3 {#} 64... Nxb3 65.
Nxb3 a4 66. Nc5 a3 67. Kf4 a2 68. Nb3 Kf6 69. Na1 Ke6 70. Kg5 Kd5 71. Kxh5 Kc4
72. Kg4 Kc3 73. Kf3 Kb2 74. Ke2 Kxa1 0-1

[Event "18e open International de Saint Affrique"]
[Site "Saint Affrique"]
[Date "2010.07.27"]
[Round "5.10"]
[White "Gertosio, Franck"]
[Black "Manouck, Thierry"]
[Result "0-1"]
[WhiteElo "2130"]
[BlackElo "2330"]
[PlyCount "74"]
[EventDate "2010.??.??"]

1. e4 d6 2. d4 Nf6 3. Nc3 Nbd7 4. f4 e5 5. Nf3 exd4 6. Qxd4 c6 7. Be3 d5 8.
exd5 Bc5 9. Qd3 Qe7 10. Nd4 Nxd5 11. Nxd5 cxd5 12. Nf5 Qf6 13. O-O-O O-O 14. g4
Re8 15. Bd4 Bxd4 16. Qxd4 Qxd4 17. Rxd4 Nf6 18. Bb5 Bxf5 19. gxf5 Re3 20. Bf1
Re1+ 21. Rd1 Rxd1+ 22. Kxd1 Nh5 23. Be2 Nxf4 24. Bf3 Re8 25. Re1 Rxe1+ 26. Kxe1
g5 27. fxg6 fxg6 28. Kd2 Kf7 29. c4 Ke6 30. Kc3 b6 31. Kd4 dxc4 32. Kxc4 Kd6
33. Kb5 Nd3 34. Be2 Nc5 35. b4 Ne6 36. Ka6 Kc7 37. Bf3 Kb8 0-1

[Event "18e open International de Saint Affrique"]
[Site "Saint Affrique"]
[Date "2010.07.27"]
[Round "5.12"]
[White "Buscara, Sevan"]
[Black "Decroix, Paloan"]
[Result "0-1"]
[WhiteElo "2259"]
[BlackElo "2108"]
[PlyCount "78"]
[EventDate "2010.??.??"]

1. d4 Nf6 2. Bf4 c5 3. d5 Qb6 4. Nc3 d6 5. e4 Qxb2 6. Bd2 Qb4 7. Rb1 Qa5 8. f4
Qc7 9. Bb5+ Nfd7 10. Nf3 a6 11. e5 {#} 11... axb5 12. Nxb5 Qd8 13. Qe2 dxe5 14.
fxe5 Nb6 15. Nd6+ exd6 16. exd6+ Be7 17. Rxb6 Kf8 18. dxe7+ Qxe7 19. Qxe7+ Kxe7
20. O-O f6 21. Bf4 Rd8 22. c4 Ra6 23. Bc7 Re8 24. Rb2 Nd7 25. Re2+ Kf8 26. Rfe1
Rxe2 27. Rxe2 Kf7 28. Ne1 Ra4 29. Nd3 Rxc4 30. d6 b5 31. g3 Rd4 32. Re7+ Kf8
33. Nf4 Ne5 34. Bb8 c4 35. Rc7 Rd1+ 36. Kg2 Bd7 37. Rc5 Rd2+ 38. Kf1 Rxh2 39.
Nd5 Bh3+ 0-1

[Event "18e open International de Saint Affrique"]
[Site "Saint Affrique"]
[Date "2010.07.27"]
[Round "5.14"]
[White "Naudier, Serge"]
[Black "Marchadour, Emilie"]
[Result "1-0"]
[WhiteElo "2245"]
[BlackElo "2089"]
[PlyCount "45"]
[EventDate "2010.??.??"]

1. e4 c5 2. Nf3 e6 3. d4 cxd4 4. Nxd4 Nc6 5. Nc3 Qc7 6. Ndb5 Qb8 7. a4 a6 8.
Na3 Nf6 9. Bd3 Be7 10. O-O Nb4 11. Nc4 Qc7 12. a5 Rb8 13. e5 Nfd5 14. Nxd5 Nxd5
15. Qg4 g6 16. h4 f5 17. exf6 Nxf6 18. Qd4 d6 19. Bf4 e5 20. Nxe5 dxe5 21. Bxe5
Qc6 22. Bxb8 O-O 23. Qc4+ 1-0

[Event "18e open International de Saint Affrique"]
[Site "Saint Affrique"]
[Date "2010.07.27"]
[Round "5.15"]
[White "Le Montagner, Yoann"]
[Black "Valles, Manuel"]
[Result "0-1"]
[WhiteElo "2018"]
[BlackElo "2242"]
[PlyCount "42"]
[EventDate "2010.??.??"]

1. e4 d6 2. d4 g6 3. f4 Bg7 4. Nf3 c5 5. Be3 Nf6 6. Nc3 O-O 7. dxc5 Qa5 8. Bd3
Ng4 9. Bd4 Bxd4 10. Nxd4 Qxc5 11. Nce2 e5 12. Nb3 Qf2+ 13. Kd2 Qe3+ 14. Kc3 Nf2
15. Qg1 a5 16. Rf1 Nxe4+ 17. Kc4 Be6+ 18. Kb5 Bd7+ 19. Kc4 d5+ 20. Kxd5 Be6+
21. Kxe5 Nc6# {#} 0-1

[Event "18e open International de Saint Affrique"]
[Site "Saint Affrique"]
[Date "2010.07.27"]
[Round "5.16"]
[White "Saez, Frederic"]
[Black "Poignot, Quentin"]
[Result "1-0"]
[WhiteElo "2227"]
[BlackElo "2094"]
[PlyCount "50"]
[EventDate "2010.??.??"]

1. e4 c5 2. Nc3 Nc6 3. g3 g6 4. Bg2 Bg7 5. d3 d6 6. Be3 h5 7. h3 e5 8. Qd2 Nge7
9. f4 Nd4 10. Nf3 f6 11. Nh4 exf4 12. gxf4 f5 13. O-O-O O-O 14. Rhg1 Be6 15.
Bh1 Kh7 16. Qg2 Qe8 17. Nd5 Bxd5 18. exd5 Nxd5 19. Nxg6 Nxe3 20. Nxf8+ Qxf8 21.
Qg6+ Kg8 22. Rde1 Re8 {#} 23. Rxe3 Rxe3 24. Bd5+ Kh8 25. Qxh5+ Bh6 1-0

[Event "Saint-Affrique"]
[Site "Saint-Affrique"]
[Date "2010.07.26"]
[Round "4"]
[White "MANIA, Clement"]
[Black "CAZOTTES, Guillaume"]
[Result "1/2-1/2"]
[WhiteElo "2127"]
[BlackElo "1886"]
[PlyCount "56"]
[EventDate "2010.??.??"]

{1300MB, Rybka3Gen.ctg} 1. e4 c5 2. Nf3 d6 3. d4 cxd4 4. Nxd4 Nf6 5. Nc3 a6 6.
f4 e5 7. Nf3 Nc6 8. fxe5 dxe5 9. Qxd8+ Kxd8 10. Bc4 Bb4 11. O-O Be6 12. Nd5
Bc5+ 13. Kh1 Nxe4 14. Bg5+ Kc8 15. Bh4 Re8 16. Rae1 Nd6 17. Bb3 Bxd5 18. Bxd5
f6 19. a3 a5 20. Nd2 Kc7 21. Nb3 Ba7 22. c4 a4 23. Nc1 Nd4 24. Nd3 Nc2 25. Re2
Nd4 26. Rd2 Nb3 27. Rc2 Nd4 28. Rd2 Nb3 1/2-1/2

[Event "Saint-Affrique"]
[Site "Saint-Affrique"]
[Date "2010.07.28"]
[Round "6"]
[White "MANIA, Clement"]
[Black "CARON, Damien"]
[Result "1-0"]
[WhiteElo "2127"]
[BlackElo "1921"]
[PlyCount "33"]
[EventDate "2010.??.??"]

{1300MB, Rybka3Gen.ctg} 1. e4 c5 2. Nf3 d6 3. d4 cxd4 4. Nxd4 Nf6 5. Nc3 a6 6.
f4 Qc7 7. Be2 h5 8. O-O b5 9. Kh1 Nc6 10. Nxc6 Qxc6 11. e5 Bb7 12. Bf3 Qb6 13.
exf6 gxf6 14. Bxb7 Qxb7 15. Qd5 Qb8 16. Qc6+ Kd8 17. Be3 1-0

[Event "18e open International de Saint Affrique"]
[Site "Saint Affrique"]
[Date "2010.07.28"]
[Round "6.1"]
[White "Degraeve, Jean-Marc"]
[Black "Libiszewski, Fabien"]
[Result "1-0"]
[WhiteElo "2569"]
[BlackElo "2488"]
[PlyCount "55"]
[EventDate "2010.??.??"]

1. e4 c5 2. Nc3 Nc6 3. Bb5 g6 4. Bxc6 bxc6 5. f4 d6 6. Nf3 Bg7 7. d3 Nh6 8. Qe2
O-O 9. O-O f6 10. Bd2 e5 11. fxe5 fxe5 12. Ng5 Bd7 13. h3 Qe7 14. Rxf8+ Rxf8
15. a3 Rb8 16. b4 cxb4 17. axb4 Rxb4 18. Rxa7 Qd8 19. Qf2 Rb8 {#} 20. Nxh7 Nf7
21. Ng5 Nxg5 22. Bxg5 Qxg5 23. Rxd7 Rf8 24. Qe1 Bh6 25. Rxd6 Rf3 26. Rxc6 Rg3
27. Nd5 Rxg2+ 28. Kh1 1-0

[Event "18e open International de Saint Affrique"]
[Site "Saint Affrique"]
[Date "2010.07.28"]
[Round "6.2"]
[White "Flear, Glenn C"]
[Black "Lejarre, Ludovic"]
[Result "1-0"]
[WhiteElo "2510"]
[BlackElo "2385"]
[PlyCount "79"]
[EventDate "2010.??.??"]

1. d4 Nf6 2. c4 g6 3. Nc3 Bg7 4. e4 d6 5. f4 O-O 6. Nf3 c5 7. d5 e6 8. dxe6
fxe6 9. Bd3 Nc6 10. O-O Nd4 11. Nxd4 cxd4 12. Nb5 e5 13. fxe5 dxe5 14. c5 Be6
15. Qc2 Qd7 16. Nd6 b6 17. b4 a5 18. Nc4 bxc5 19. Nb6 Qc6 20. Qxc5 Qxc5 21.
bxc5 Ra7 22. Bd2 Rff7 23. a4 Rfc7 24. Rfc1 Nd7 25. Nxd7 Bxd7 26. Bc4+ Kh8 27.
Bd5 Bc6 28. Rab1 Bf8 29. Bxc6 Rxc6 30. Rb5 d3 31. Be3 Rac7 32. Kf1 d2 33. Bxd2
Bxc5 34. Bxa5 Rf7+ 35. Ke2 Rf2+ 36. Ke1 Rf4 37. Rcxc5 Rxe4+ 38. Kd2 Rxc5 39.
Rxc5 Rxa4 40. Ke3 1-0

[Event "18e open International de Saint Affrique"]
[Site "Saint Affrique"]
[Date "2010.07.28"]
[Round "6.3"]
[White "Bedouin, Xavier"]
[Black "Petkov, Vladimir"]
[Result "1/2-1/2"]
[WhiteElo "2403"]
[BlackElo "2496"]
[PlyCount "83"]
[EventDate "2010.??.??"]

1. e4 e5 2. Nf3 Nc6 3. Bb5 Nf6 4. O-O Nxe4 5. Qe2 Nd6 6. Bxc6 dxc6 7. Qxe5+ Be6
8. Re1 Qd7 9. Ng5 O-O-O 10. Nxe6 Re8 11. Qf4 Rxe6 12. Rxe6 Qxe6 13. Qe3 Qxe3
14. fxe3 g6 15. Nc3 Bg7 16. d3 f5 17. Bd2 c5 18. Re1 c4 19. b3 cxd3 20. cxd3
Rd8 21. Rc1 Bxc3 22. Bxc3 Nb5 23. a4 Nd6 24. Be5 Rd7 25. Bxd6 Rxd6 26. Rc3 Kd7
27. Kf2 Rb6 28. Kf3 Rb4 29. d4 b6 30. h3 Kd6 31. g4 fxg4+ 32. hxg4 h5 33. gxh5
gxh5 34. a5 c5 35. axb6 axb6 36. dxc5+ bxc5 37. e4 Rb8 38. Rd3+ Kc6 39. Kf4 Rh8
40. Kg3 h4+ 41. Kh3 Rh6 42. Rc3 1/2-1/2

[Event "18e open International de Saint Affrique"]
[Site "Saint Affrique"]
[Date "2010.07.28"]
[Round "6.4"]
[White "Le Roux, Jean-Pierre"]
[Black "Colin, Vincent"]
[Result "1-0"]
[WhiteElo "2495"]
[BlackElo "2425"]
[PlyCount "104"]
[EventDate "2010.??.??"]

1. d4 Nf6 2. Nf3 e6 3. c4 d5 4. g3 c6 5. Qc2 Nbd7 6. Bg2 Bd6 7. O-O O-O 8. Nc3
Qe7 9. e4 Nxe4 10. Nxe4 dxe4 11. Qxe4 e5 12. c5 Bc7 13. dxe5 Nxe5 14. Ng5 f5
15. Qc2 h6 16. Nh3 Ng6 17. b4 a5 18. Bd2 axb4 19. Rfe1 Qf6 20. Qc4+ Kh8 21. f4
b5 22. Qb3 Ne7 23. Bxb4 Nd5 24. Bxd5 cxd5 25. Nf2 d4 26. c6 Rg8 27. Nd3 g5 {#}
28. Be7 Qg7 29. fxg5 hxg5 30. Qd5 b4 31. Rac1 Re8 32. Bxg5 Ba6 33. Rxe8+ Rxe8
34. Qd7 Re2 35. Qxg7+ Kxg7 36. Nxb4 Bc8 37. Nd5 Ba5 38. Rc5 Be1 39. Bf6+ Kf7
40. Bxd4 Rd2 41. Kf1 Bxg3 42. hxg3 Rxd4 43. c7 Ba6+ 44. Kf2 Rd2+ 45. Kf3 Rd3+
46. Ne3 Bc8 47. Kf4 Rd4+ 48. Kg5 f4 49. gxf4 Rd3 50. Re5 Rc3 51. Nf5 Rxc7 52.
Nd6+ Kg7 1-0

[Event "18e open International de Saint Affrique"]
[Site "Saint Affrique"]
[Date "2010.07.28"]
[Round "6.5"]
[White "Weill, Roland"]
[Black "Gozzoli, Yannick"]
[Result "0-1"]
[WhiteElo "2213"]
[BlackElo "2520"]
[PlyCount "46"]
[EventDate "2010.??.??"]

1. Nf3 Nf6 2. g3 d5 3. Bg2 c6 4. O-O Bg4 5. Ne5 Bh5 6. d4 e6 7. c4 Nbd7 8. cxd5
Nxe5 9. dxe5 Nxd5 10. Qb3 Qb6 11. Qc4 Qb4 12. Qc2 Qb5 13. e4 Nb4 14. Qb3 Nd3
15. Qxb5 cxb5 16. Nc3 a6 17. a3 Bc5 18. h3 Rc8 19. g4 Bg6 20. Bf3 Nxe5 21. Be2
O-O 22. Kg2 f6 23. Bf4 Bd4 0-1

[Event "18e open International de Saint Affrique"]
[Site "Saint Affrique"]
[Date "2010.07.28"]
[Round "6.6"]
[White "Karpatchev, Aleksandr"]
[Black "Sanchez, Nicolas"]
[Result "1-0"]
[WhiteElo "2476"]
[BlackElo "2162"]
[PlyCount "55"]
[EventDate "2010.??.??"]

1. e4 c5 2. c3 d5 3. exd5 Qxd5 4. Nf3 Nc6 5. d4 Bg4 6. Be2 cxd4 7. cxd4 e6 8.
Nc3 Qa5 9. h3 Bh5 10. d5 exd5 11. Nd4 Nxd4 12. Bxh5 Nc6 13. O-O Nf6 14. Bg5 Be7
15. Bxf6 Bxf6 16. Nxd5 Be5 {#} 17. Bxf7+ Kxf7 18. Qb3 Kg6 19. Rad1 Rab8 20.
Qd3+ Kf7 21. b4 Qxa2 22. Rd2 Qa4 23. Qf5+ Bf6 24. Qd7+ Kg6 25. Nf4+ Kh6 26. Qf5
g6 27. Qxf6 Rhd8 28. Ne6 1-0

[Event "18e open International de Saint Affrique"]
[Site "Saint Affrique"]
[Date "2010.07.28"]
[Round "6.7"]
[White "Julian, Stephane"]
[Black "Milliet, Sophie"]
[Result "0-1"]
[WhiteElo "2133"]
[BlackElo "2367"]
[PlyCount "70"]
[EventDate "2010.??.??"]

1. e4 d6 2. d4 Nf6 3. Nc3 e5 4. Nf3 Nbd7 5. Bc4 Be7 6. O-O O-O 7. Re1 a6 8. a4
b6 9. Nd5 Bb7 10. Nxe7+ Qxe7 11. Bd3 h6 12. Ra3 Rfe8 13. d5 Nc5 14. Nh4 Bc8 15.
Nf5 Bxf5 16. exf5 e4 17. Bc4 Qd7 18. g4 b5 19. Ba2 b4 20. Rh3 {#} 20... h5 21.
gxh5 Qxf5 22. Rg3 Qxh5 23. Qd4 Ng4 24. h3 Ne5 25. Ree3 f5 26. f4 exf3 27. Bc4
Ne4 28. Rxe4 fxe4 29. Bf4 Qf5 30. Be3 Rf8 31. Kf2 Rf7 32. Bf1 a5 33. Rg5 Qh7
34. Rg3 Qh4 35. Bg5 Ng4+ 0-1

[Event "18e open International de Saint Affrique"]
[Site "Saint Affrique"]
[Date "2010.07.28"]
[Round "6.8"]
[White "Manouck, Thierry"]
[Black "Capitaine, Adrien"]
[Result "1-0"]
[WhiteElo "2330"]
[BlackElo "2149"]
[PlyCount "65"]
[EventDate "2010.??.??"]

1. c4 e5 2. g3 Nc6 3. Bg2 f5 4. Nc3 Nf6 5. e3 Be7 6. Nge2 O-O 7. d3 Qe8 8. Nd5
Bd8 9. Bd2 d6 10. O-O Ne7 11. Nxf6+ Rxf6 12. Bc3 c6 13. f4 Ng6 14. d4 Bc7 15.
Re1 Be6 16. c5 dxc5 17. dxe5 Rf7 18. e4 Rd7 19. Qc2 Ne7 20. g4 g6 21. Ng3 Qf7
22. gxf5 gxf5 23. Kh1 Rad8 24. Rg1 Kf8 25. Bh3 Rd3 26. Raf1 fxe4 27. f5 Bd5 28.
e6 Qe8 29. f6 Bxg3 30. f7 {#} 30... e3+ 31. Bg2 Bf2 32. Bxd5 Nxd5 33. Rg8+ 1-0

[Event "18e open International de Saint Affrique"]
[Site "Saint Affrique"]
[Date "2010.07.28"]
[Round "6.9"]
[White "Schweitzer, Viktoriya"]
[Black "Cabanes, Kim"]
[Result "1/2-1/2"]
[WhiteElo "2250"]
[BlackElo "1968"]
[PlyCount "215"]
[EventDate "2010.??.??"]

1. e4 c6 2. d4 d5 3. Nc3 dxe4 4. Nxe4 Nf6 5. Nxf6+ exf6 6. Nf3 Bd6 7. Be2 O-O
8. Be3 b5 9. Qd2 Be6 10. Bf4 Re8 11. Bxd6 Qxd6 12. O-O Nd7 13. b3 Nb6 14. Rac1
Nd5 15. c4 bxc4 16. Bxc4 Bg4 17. Ne1 Nf4 18. Nc2 Ne2+ 19. Bxe2 Rxe2 20. Qd3 Bh5
21. a3 a5 22. Ne3 Ra2 23. Qe4 Bg6 24. Qxc6 Qxc6 25. Rxc6 Rxa3 26. Rfc1 h6 27.
Rb6 a4 28. bxa4 R8xa4 29. d5 Rd4 30. h3 Rad3 31. Rc8+ Kh7 32. Rd8 h5 33. Kh2 f5
34. Rbb8 Kh6 35. g3 f4 36. Rh8+ Kg5 37. gxf4+ Rxf4 38. Rb2 Bf5 39. Rg8 g6 40.
Rd8 Rf3 41. Nxf5 Rxf5 42. d6 Rfd5 43. Rd7 f6 44. Kg2 Rxd6 45. Rb5+ f5 46. Rxd6
Rxd6 47. Rb4 Kf6 48. Rb5 Rd4 49. Rb6+ Kg5 50. Rc6 h4 51. Rb6 Rd8 52. Ra6 Rg8
53. Kf3 Rb8 54. Kg2 Kh5 55. Ra5 Rf8 56. Rb5 g5 57. Kf3 Kg6 58. Rc5 Rf6 59. Ra5
Rb6 60. Ra4 Rb3+ 61. Kg2 Rb5 62. Rc4 Kh5 63. f3 Rb2+ 64. Kg1 Re2 65. Ra4 Kg6
66. Ra6+ Kf7 67. Rh6 Re6 68. Rh8 Kf6 69. Rg8 Re7 70. Kg2 Rg7 71. Re8 Re7 72.
Rg8 Re2+ 73. Kg1 Rd2 74. Re8 Rd5 75. Kg2 Re5 76. Rg8 f4 77. Rb8 Re6 78. Kf2 Rc6
79. Rg8 Rc2+ 80. Kg1 Kf5 81. Re8 Rc5 82. Kg2 Re5 83. Rd8 Ke6 84. Kf2 Rd5 85.
Re8+ Kd6 86. Re4 Rd2+ 87. Kg1 Kd5 88. Ra4 Rc2 89. Re4 Rc4 90. Re8 Kd4 91. Kg2
Rc2+ 92. Kg1 Rc5 93. Kf2 Rd5 94. Ra8 Kc3 95. Ra3+ Kb2 96. Ra7 Rc5 97. Re7 Kc2
98. Rd7 Kc3 99. Rd8 Kb2 100. Rb8+ Kc1 101. Rg8 Rc2+ 102. Kg1 Kd2 103. Re8 Kd3
104. Re5 Re2 105. Ra5 Rd2 106. Re5 Rd1+ 107. Kg2 Rd2+ 108. Kg1 1/2-1/2

[Event "18e open International de Saint Affrique"]
[Site "Saint Affrique"]
[Date "2010.07.28"]
[Round "6.10"]
[White "Decroix, Paloan"]
[Black "Naudier, Serge"]
[Result "1/2-1/2"]
[WhiteElo "2108"]
[BlackElo "2245"]
[PlyCount "108"]
[EventDate "2010.??.??"]

1. e4 c5 2. Nc3 Nc6 3. g3 g6 4. d3 Bg7 5. Bg2 d6 6. Nf3 b6 7. O-O Bb7 8. Nd5 e6
9. Ne3 Nge7 10. c3 d5 11. Qa4 O-O 12. Rd1 a6 13. exd5 exd5 14. Qh4 h6 15. d4
cxd4 16. cxd4 Qd6 17. b3 f5 18. Bb2 f4 19. gxf4 Rxf4 20. Qg3 Raf8 21. Rd2 Qb8
22. Ne1 Nxd4 23. Rad1 Ndf5 24. Nxf5 R4xf5 25. Ba3 Qxg3 26. hxg3 Kf7 27. Nc2 Re5
28. Ne3 Rd8 29. Bxe7 Rxe7 30. Bxd5+ Bxd5 31. Rxd5 Rxd5 32. Rxd5 Ke6 33. Rd2 Rc7
34. Re2 Rc1+ 35. Kg2 b5 36. Rc2 Rxc2 37. Nxc2 Bc3 38. f3 h5 39. Kh3 g5 40. Ne3
Bd2 41. Nc2 Ke5 42. Kg2 Kd5 43. Kf2 Kc5 44. Ke2 Bc3 45. Ke3 Be5 46. f4 gxf4+
47. gxf4 Bc3 48. Ke4 h4 49. Kf3 Bf6 50. f5 Kd5 51. Nb4+ Ke5 52. Nxa6 Kxf5 53.
a4 bxa4 54. bxa4 Bc3 1/2-1/2

[Event "18e open International de Saint Affrique"]
[Site "Saint Affrique"]
[Date "2010.07.28"]
[Round "6.19"]
[White "Dussol, Pierre"]
[Black "Hegarty, Sarah N"]
[Result "0-1"]
[WhiteElo "2216"]
[BlackElo "2057"]
[PlyCount "80"]
[EventDate "2010.??.??"]

1. e4 c5 2. Nf3 Nc6 3. d4 cxd4 4. c3 d5 5. exd5 Qxd5 6. cxd4 Nf6 7. Nc3 Qd6 8.
Be2 e6 9. O-O Be7 10. Be3 O-O 11. Qd2 b6 12. Bf4 Qd8 13. Rfd1 Nd5 14. Bg3 Bb7
15. Rac1 Bf6 16. Ne4 Be7 17. h4 Bb4 18. Qc2 h6 19. Bb5 Rc8 20. Qa4 Na5 21. a3
Be7 22. b4 f5 23. bxa5 fxe4 24. Ne5 Nc3 25. Rxc3 Rxc3 26. Nc6 Bxc6 27. Bxc6
Bxh4 28. Bxe4 {#} 28... Rxg3 29. fxg3 Bxg3 30. Bf3 Qh4 31. Qb3 Bf2+ 32. Kf1
Bxd4 33. Qxe6+ Kh8 34. Rd2 Bc3 35. Rd7 Bd4 36. Ke2 bxa5 37. Re7 Qf2+ 38. Kd3
Bc5 39. Re8 Qd4+ 40. Kc2 Qa4+ 0-1

[Event "18e open International de Saint Affrique"]
[Site "Saint Affrique"]
[Date "2010.07.28"]
[Round "6.20"]
[White "Remille, Tristan"]
[Black "Schweitzer, Marc"]
[Result "1-0"]
[WhiteElo "2215"]
[BlackElo "1910"]
[PlyCount "47"]
[EventDate "2010.??.??"]

1. d4 d5 2. c4 e6 3. Nc3 Nf6 4. cxd5 exd5 5. Bg5 Be7 6. Qc2 c6 7. e3 h6 8. Bh4
O-O 9. Bd3 Nbd7 10. Nge2 Re8 11. O-O Nf8 12. f3 a6 13. e4 Be6 14. e5 N6d7 15.
Bxe7 Qxe7 16. f4 Nb6 17. f5 Bc8 18. f6 Qd8 19. Qd2 Nc4 20. Qf4 g5 21. Qg3 Qd7
22. b3 Nd2 23. Rf4 Ng6 24. Bxg6 1-0